000
00242nam a22000857a 4500
008
161111b xxu||||| |||| 00| 0 eng d
100
_9
1157
_a
motihar. h. d
245
_a
the wonderful world of insects
260
_a
new delhi
_b
national book trust
_c
2005
999
_c
3817
_d
3817